01595nam a2200409 i 450000100060000000300080000600500170001400600190003100700150005000800410006502000270010602000280013303500220016104000310018305000230021408000150023708200170025210000380026924501150030725000230042226400540044530000410049933600310054033700330057133800430060450000220064758800830066959001620075265000430091465000300095765500270098770000380101470000350105279700180108785600630110599900170116839073FINmELB20241216221631.0m o d | cr cnu||||||||211026s2021 mx o 001 0 spa d a9786076296240q(print) a9786076296370q(e-book) a(OCoLC)1285725710 aFINmELBbspaerdacFINmELB 4aKGF4589bP348 2021 a336.221.2404a343.72032231 aPérez Chávez, José,eautor.10aTaller de prácticas fiscales :bISR, IVA, IMSS, INFONAVIT /cJosé Pérez Chávez, Raymundo Fol Olguín. asegunda edición. 1aCiudad de México :bTax Editores Unidos,c2021. a1 recurso en línea (824 páginas) atextobtxt2rdacontent/spa acomputadorabc2rdamedia/spa arecurso en líneabcr2rdacarrier/spa aIncluye índice. aDescripción basada en metadatos suministrados por el editor y otras fuentes. aRecurso electrónico. Santa Fe, Arg.: elibro, 2021. Disponible vía World Wide Web. El acceso puede estar limitado para las bibliotecas afiliadas a elibro. 0aTaxationxLaw and LegislationzMexico. 4aDerecho fiscalzMéxico. 4aLibros electrónicos.1 aCampero Guerrero, Eladio,eautor.1 aFol Oguín, Raymundo,eautor.2 aelibro, Corp.40uhttps://elibro.net/ereader/politecnicointernacional/175112 c39073d39073